<?xml version="1.0" encoding="UTF-8"?>
<record
    xmlns:xsi="http://www.w3.org/2001/XMLSchema-instance"
    xsi:schemaLocation="http://www.loc.gov/MARC21/slim http://www.loc.gov/standards/marcxml/schema/MARC21slim.xsd"
    xmlns="http://www.loc.gov/MARC21/slim">

  <leader>01107nam a22003134i 4500</leader>
  <datafield tag="999" ind1=" " ind2=" ">
    <subfield code="c">7590</subfield>
    <subfield code="d">7590</subfield>
  </datafield>
  <controlfield tag="001">991052359379706706</controlfield>
  <controlfield tag="003">OSt</controlfield>
  <controlfield tag="005">20211222121527.0</controlfield>
  <controlfield tag="008">190717s2019    sp a     b    001 0 spa c</controlfield>
  <datafield tag="017" ind1=" " ind2=" ">
    <subfield code="a">DL M. 13774-2019</subfield>
    <subfield code="b">Oficina DL Madrid</subfield>
  </datafield>
  <datafield tag="020" ind1=" " ind2=" ">
    <subfield code="a">9788490976821</subfield>
  </datafield>
  <datafield tag="035" ind1=" " ind2=" ">
    <subfield code="a">(ES-BaCBU).b73190664</subfield>
  </datafield>
  <datafield tag="035" ind1=" " ind2=" ">
    <subfield code="a">(OCoLC)1120549043</subfield>
  </datafield>
  <datafield tag="040" ind1=" " ind2=" ">
    <subfield code="a">ES-BaUAB</subfield>
    <subfield code="b">cat</subfield>
    <subfield code="e">rda</subfield>
    <subfield code="c">CDMR</subfield>
  </datafield>
  <datafield tag="080" ind1=" " ind2=" ">
    <subfield code="a">392.6:800</subfield>
  </datafield>
  <datafield tag="100" ind1="1" ind2=" ">
    <subfield code="a">Mart&#xED;n Barranco, Mar&#xED;a,</subfield>
  </datafield>
  <datafield tag="245" ind1="1" ind2="0">
    <subfield code="a">Ni por favor ni por favora :</subfield>
    <subfield code="b">c&#xF3;mo hablar con lenguaje inclusivo sin que se note (demasiado) /</subfield>
    <subfield code="c">Mar&#xED;a Mart&#xED;n ; pr&#xF3;logo de Coral Herrera</subfield>
  </datafield>
  <datafield tag="264" ind1=" " ind2="1">
    <subfield code="a">Madrid :</subfield>
    <subfield code="b">Libros de la Catarata,</subfield>
    <subfield code="c">2019</subfield>
  </datafield>
  <datafield tag="300" ind1=" " ind2=" ">
    <subfield code="a">125 p&#xE0;gines ;</subfield>
    <subfield code="c">23 cm</subfield>
  </datafield>
  <datafield tag="490" ind1="1" ind2=" ">
    <subfield code="a">Los Libros de la Catarata ;</subfield>
    <subfield code="v">726</subfield>
  </datafield>
  <datafield tag="650" ind1=" " ind2="7">
    <subfield code="a">Llenguatge no sexista</subfield>
    <subfield code="2">lemac</subfield>
  </datafield>
  <datafield tag="650" ind1=" " ind2="0">
    <subfield code="a">Sexisme en el llenguatge</subfield>
    <subfield code="2">lemac</subfield>
    <subfield code="9">3768</subfield>
  </datafield>
  <datafield tag="650" ind1=" " ind2="7">
    <subfield code="a">Castell&#xE0;</subfield>
    <subfield code="x">Difer&#xE8;ncies entre sexes.</subfield>
    <subfield code="2">lemac</subfield>
  </datafield>
  <datafield tag="700" ind1="1" ind2=" ">
    <subfield code="a">Herrera G&#xF3;mez, Coral,</subfield>
  </datafield>
  <datafield tag="830" ind1=" " ind2="4">
    <subfield code="a">Los Libros de la Catarata (Los Libros de la Catarata) ;</subfield>
    <subfield code="v">726</subfield>
  </datafield>
  <datafield tag="908" ind1=" " ind2=" ">
    <subfield code="a">UAB</subfield>
    <subfield code="a">UJI</subfield>
    <subfield code="a">UPF</subfield>
    <subfield code="a">UPC</subfield>
    <subfield code="a">ICD</subfield>
    <subfield code="a">UOC</subfield>
  </datafield>
  <datafield tag="940" ind1=" " ind2=" ">
    <subfield code="a">UAB</subfield>
  </datafield>
  <datafield tag="942" ind1=" " ind2=" ">
    <subfield code="2">udc</subfield>
    <subfield code="c">MON</subfield>
  </datafield>
  <datafield tag="952" ind1=" " ind2=" ">
    <subfield code="0">0</subfield>
    <subfield code="1">0</subfield>
    <subfield code="4">0</subfield>
    <subfield code="7">0</subfield>
    <subfield code="a">CDMR</subfield>
    <subfield code="b">CDMR</subfield>
    <subfield code="d">2021-12-22</subfield>
    <subfield code="e">Donaci&#xF3;</subfield>
    <subfield code="g">14.00</subfield>
    <subfield code="l">1</subfield>
    <subfield code="o">Ci 1.1/45</subfield>
    <subfield code="p">CDMR21120120</subfield>
    <subfield code="r">2023-02-23</subfield>
    <subfield code="s">2022-02-10</subfield>
    <subfield code="w">2021-12-22</subfield>
    <subfield code="y">MON</subfield>
  </datafield>
</record>
